Logo BPK

Biblioteka

Politechniki Koszalińskiej

Przewodnik do ćwiczeń z biologii sanitarnej / (Rekord nr 3736)

Szczegóły MARC
000 -ETYKIETA REKORDU
podpole kontrolne o stałej długości 00348nam a2200133 i 4500
001 - NUMER KONTROLNY REKORDU
pole kontrolne bg
040 ## - ŹRÓDŁO KATALOGOWANIA
Instytucja, która utworzyła rekord BPK
041 ## - KOD JĘZYKA
Kod języka tekstu pol
008 - POLE O STAŁEJ DŁUGOŚCI - DANE KONTROLNE
podpole kontrolne o stałej długości s pl f |000 0 pol
100 1# - NAZWA OSOBOWA
Nazwa osobowa WÓJCIK-SZWEDZIŃSKA, M.
245 #0 - TYTUŁ/ODPOWIEDZIALNOŚĆ
Tytuł Przewodnik do ćwiczeń z biologii sanitarnej /
Pozostałe elementy strefy tytułu i oznaczenia odpowiedzialności M. Wójcik-Szwedzińska.
260 ## - STREFA ADRESU WYDAWNICZEGO
Miejsce wydania Częstochowa,
Data publikacji, dystrybucji/powstania dokumentu 1987.
856 ## - LOKALIZACJA I DOSTĘP DO ELEKTRONICZNYCH DOKUMENTÓW ZDALNYCH
Link (URL) http://koha.tu.koszalin.pl/cgi-bin/koha/opac-detail.pl?biblionumber=3736
Tekst linku Katalog online BPK
942 ## - DODATKOWE ELEMENTY (KOHA)
Typ dokumentu Książka
Egzemplarze
Wycofany Status egzemplarza Uszkodzony Dostępność Lokalizacja stała Lokalizacja bieżąca Miejsce przechowywania Sygnatura Kod kreskowy Typ dokumentu
      Dostępny Biblioteka Politechniki Koszalińskiej Biblioteka Politechniki Koszalińskiej Wypożyczalnia BG P 38310 01149562 Książka
© 2023 Biblioteka Politechniki Koszalińskiej :: KOHA